Countries' flags containing guns - Statistics

General Stats
  • This quiz has been taken 30 times
  • The average score is 12 of 14
Answer Stats
Picture Answer % Correct
Kenya - Spear
90%
Saudi Arabia - Sword
90%
Sri Lanka - Sword
90%
Angola - Machete
86%
Ecuador - Axe
86%
Malta - Sword
86%
Mozambique - AK-47
86%
Barbados - Trident
81%
Eswatini - Spear-Battle stick
81%
Guatemala - Rifle-Sword
81%
Oman - Khanjar-Scimitar
81%
Belize - Axe
76%
Dominican Republic - Spear
76%
Haiti - Cannon-Rifle-Spear
71%
No matching quizzes found
Score Distribution
Percent of People with Each Score
Percentile by Number Answered
Your Score History
You have not taken this quiz